| 000 | 00534nam a22002057a 4500 | ||
|---|---|---|---|
| 005 | 20250227052601.0 | ||
| 008 | 250227b |||||||| |||| 00| 0 eng d | ||
| 020 | _a9789358496048 | ||
| 040 |
_aIN-DiNC _cIN-DiNC |
||
| 041 | _deng | ||
| 082 |
_a181.45 _bBOR |
||
| 100 |
_aby Bora, Rashmi Sikha _eauthor |
||
| 245 |
_aYoga _cby Rashmi Sikha Bora |
||
| 250 | _a1st ed. | ||
| 260 |
_aDibrugarh: _bBanalata, _c2025, |
||
| 300 | _a125p. | ||
| 650 | _aIntroduction to Yoga | ||
| 700 |
_aRashmi Sikha Bora _eauthor |
||
| 942 |
_2ddc _cBK |
||
| 999 |
_c12071 _d12071 |
||